Business analysis for practitioners : a practical guide (Record no. 18419)

MARC details
000 -LEADER
fixed length control field 00575nam a2200193Ia 4500
008 - FIXED-LENGTH DATA ELEMENTS--GENERAL INFORMATION
fixed length control field 220501s2018 xx 000 0 eng d
020 ## - INTERNATIONAL STANDARD BOOK NUMBER
International Standard Book Number 9789387486768
082 ## - DEWEY DECIMAL CLASSIFICATION NUMBER
Classification number 658.4013 PRO-B
100 ## - MAIN ENTRY--PERSONAL NAME
Personal name Project Management Institute.
245 #0 - TITLE STATEMENT
Title Business analysis for practitioners : a practical guide
Statement of responsibility, etc Project Management Institute (PMI)
260 ## - PUBLICATION, DISTRIBUTION, ETC. (IMPRINT)
Place of publication, distribution, etc New Delhi
Name of publisher, distributor, etc Viva Books
Date of publication, distribution, etc 2018
300 ## - PHYSICAL DESCRIPTION
Extent / Pages xix, 206p.
650 ## - SUBJECT ADDED ENTRY--TOPICAL TERM
Topical term or geographic name as entry element Business planning
650 ## - SUBJECT ADDED ENTRY--TOPICAL TERM
Topical term or geographic name as entry element Management
650 ## - SUBJECT ADDED ENTRY--TOPICAL TERM
Topical term or geographic name as entry element Operations Management
650 ## - SUBJECT ADDED ENTRY--TOPICAL TERM
Topical term or geographic name as entry element Project management
700 ## - ADDED ENTRY--PERSONAL NAME
Personal name PMI
942 ## - ADDED ENTRY ELEMENTS (KOHA)
Source of classification or shelving scheme
Koha item type Books
942 ## - ADDED ENTRY ELEMENTS (KOHA)
-- 5
Holdings
Withdrawn status Lost status Source of classification or shelving scheme Damaged status Not for loan Home library Current library Date acquired Source of acquisition Cost, normal purchase price Full call number Barcode Date last seen Copy number Bill Date Koha item type Bill Number Total Checkouts Total Renewals Date last borrowed
          SOBD Library SOBD Library 09/03/2019 Vedi Books 472.60 658.4013 PRO-B1 000489 01/07/2022 1 07/03/2019 Reference Books 1173      
          SOBD Library SOBD Library 09/03/2019 Vedi Books 472.60 658.4013 PRO-B2 000490 07/03/2025 2 07/03/2019 Books 1173 4 4 17/02/2025
          SOBD Library SOBD Library 09/03/2019 Vedi Books 472.60 658.4013 PRO-B3 000491 05/09/2025 3 07/03/2019 Books 1173 1 1 19/01/2023
Hosted, Implemented, Customized & Maintained by: BestBookBuddies

Powered by Koha